000 00596nam a2200193 4500
999 _c171913
_d171913
005 20200821114344.0
010 _aENG-127527
020 _c1395.00
_a9789382730668
035 _aEN-111059
037 _bDBAD/PUB
082 _a616.96
100 _aGoswami,Dhanraj B.
245 _aParasitology /
_cby Dhanraj B. Goswami
260 _aKanpur
_bGarima Prakashan
_c2019
270 _a1st floor, Mayur Park, Basant Vihar Naubasta
_bKanpur
_e208021
300 _aviii;336p.
_c23cm(hb)
500 _aincludes bibliographical references and index
942 _2ddc
_cEN
_h616.96
_mGos